El Papel de los agentes en las políticas agrícolas: intenciones y realidad /
Las políticas sectoriales hacen supuestos explícitos e implícitos sobre el comportamiento y las capacidades de los agentes (como las respuestas dinámicas a las señales de mercado, la asistencia impulsada por la demanda, los esfuerzos colaborativos, la participación en el financiamiento) que a nuestr...
সংরক্ষণ করুন:
| প্রধান লেখক: | |
|---|---|
| বিন্যাস: | পাঠ্য |
| বিষয়গুলি: | |
| ট্যাগগুলো: |
ট্যাগ যুক্ত করুন
কোনো ট্যাগ নেই, প্রথমজন হিসাবে ট্যাগ করুন!
|
MARC
| LEADER | 00000 a a2200000 04500 | ||
|---|---|---|---|
| 001 | 15921 | ||
| 003 | |||
| 040 | |||
| 100 | |a Dirven, Martine | ||
| 245 | |a El Papel de los agentes en las políticas agrícolas: |b intenciones y realidad / |c Martine Dirven | ||
| 520 | |a Las políticas sectoriales hacen supuestos explícitos e implícitos sobre el comportamiento y las capacidades de los agentes (como las respuestas dinámicas a las señales de mercado, la asistencia impulsada por la demanda, los esfuerzos colaborativos, la participación en el financiamiento) que a nuestro juicio son poco realistas. Por esta falta de realismo, políticas que intentan ser neutras resultan a menudo muy excluyentes. En ellas no se da suficiente importancia a las peculiaridades del sector -con sus altos riesgos climáticos, biológicos y comerciales y su lenta adaptación- ni al hecho de que quienes toman desiciones en el agro están hoy mayoritariamente en inferioridad de condiciones , por sus ingresos por debajo de la línea de pobreza, su insuficiente preparación, sus tradiciones basadas en siglos de vida en condiciones precarias y su ubicación geográfica en zonas marginales, alejadas de la infraestructura y de un mínimo de servicios y fuentes de información. REV//jmml | ||
| 650 | |a POLITICA AGRICOLA | ||
| 650 | |a POBREZA | ||
| 650 | |a PRODUCCION | ||
| 650 | |a MERCADO | ||
| 650 | |a POLITICA ECONOMICA | ||
| 650 | |a AGRICULTURA | ||
| 773 | |g número 68; páginas 171-186 | ||
| 999 | |c 21788 |d 21788 | ||
